000 01677nam a2200421 a 4500
001 ebr10254507
003 CaPaEBR
006 m u
007 cr cn|||||||||
008 080730s2008 enkb sb 001 0 eng
010 _z 2008298025
015 _aGBA847410
_2bnb
016 7 _z014566270
_2Uk
020 _z9780192824219
020 _z019282421X
040 _aCaPaEBR
_cCaPaEBR
035 _a(OCoLC)319069967
041 1 _aeng
_hlat
043 _ae------
_aff-----
_aaw-----
050 1 4 _aDG207.T3
_bY37 2008eb
100 1 _aTacitus, Cornelius.
240 1 0 _aAnnales.
_lEnglish
245 1 4 _aThe annals
_h[electronic resource] :
_bthe reigns of Tiberius, Claudius, and Nero /
_cTacitus ; translated by J.C. Yardley ; with an introduction and notes by Anthony A. Barrett.
260 _aOxford ;
_aNew York :
_bOxford University Press,
_c2008.
300 _axxxv, 546 p. :
_bmaps.
490 1 _aOxford world's classics
504 _aIncludes bibliographical references (p. [xxxii]-xxxiii) and index.
533 _aElectronic reproduction.
_bPalo Alto, Calif. :
_cebrary,
_d2013.
_nAvailable via World Wide Web.
_nAccess may be limited to ebrary affiliated libraries.
651 0 _aRome
_xHistory
_yTiberius, 14-37.
651 0 _aRome
_xHistory
_yClaudius, 41-54.
651 0 _aRome
_xHistory
_yNero, 54-68.
655 7 _aElectronic books.
_2local
700 1 _aYardley, John,
_d1942-
700 1 _aBarrett, Anthony,
_d1941-
710 2 _aebrary, Inc.
830 0 _aOxford world's classics (Oxford University Press)
856 4 0 _uhttp://site.ebrary.com/lib/rucke/Doc?id=10254507
_zAn electronic book accessible through the World Wide Web; click to view
999 _c35209
_d35209